An Alternative to Rationalist and Empiricist Theories of Natural Languages (Record no. 781578)
[ view plain ]
| 000 -CABECERA | |
|---|---|
| Campo de control de longitud fija | 00677naa a2200145Ia 4500 |
| 003 - IDENTIFICADOR DEL NÚMERO DE CONTROL | |
| Campo de control | ES-SlBCS |
| 005 - FECHA Y HORA DE LA ÚLTIMA TRANSACCIÓN | |
| Campo de control | 20210601152822.0 |
| 008 - CÓDIGOS DE INFORMACIÓN DE LONGITUD FIJA | |
| Campo de control de longitud fija | 140519s1980 xxu||||| |||| 00| 0 eng d |
| 041 ## - CÓDIGO DE LENGUA | |
| Código de lengua del texto/banda sonora o título independiente | eng |
| 100 1# - PUNTO DE ACCESO PRINCIPAL-NOMBRE DE PERSONA | |
| Nombre de persona | Margolis, Joseph |
| 9 (RLIN) | 131679 |
| 245 03 - MENCIÓN DE TÍTULO | |
| Título | An Alternative to Rationalist and Empiricist Theories of Natural Languages |
| Mención de responsabilidad, etc. | Joseph Margolis |
| 650 #4 - PUNTO DE ACCESO ADICIONAL DE MATERIA-TÉRMINO DE MATERIA | |
| Término de materia o nombre geográfico como elemento inicial | Lingüística |
| 9 (RLIN) | 107043 |
| 773 0# - ENLACE AL DOCUMENTO FUENTE | |
| Título | Sprache, Logik und Philosophie : Akten des Vierten Internationalen Wittgenstein Symposiums. 28. August bis 2. September 1979. Kirchberg am Wechsel (Österreich) / Rudolf Haller, Wolfgang Grassl |
| Lugar, editor y fecha de publicación | Wien : Hölder-Pichler-Tempsky, 1980 |
| Parte(s) relacionada(s) | , págs. 555-557 |
| Número Internacional Normalizado para Libros (ISBN) | 3-209-00249-5 |
| Número de control del registro relacionado | VA72351 |
| 942 ## - ENTRADA DE ELEMENTOS AGREGADOS (KOHA) | |
| Koha [por defecto] tipo de item | Artículo de colaboración |
| Suprimido | Perdido | Estropeado | No para préstamo | Localización permanente | Localización actual | Localización en estantería | Fecha adquisición | Préstamos totales | Signatura completa | Fecha última consulta | Fecha del precio de reemplazo | Tipo de item de Koha |
|---|---|---|---|---|---|---|---|---|---|---|---|---|
| San Esteban | San Esteban | Depósito de libros | 11/07/2014 | 30/B3 | 11/07/2014 | 11/07/2014 | Artículo de colaboración |
